[Event "Asian Nations Chess Cup"]
[Site "ZaoZhuang, China"]
[Date "2012.05.22"]
[Round "5"]
[White "Li, Chao b"]
[Black "Nguyen, Duc Hoa"]
[Result "1-0"]
[WhiteElo "2703"]
[BlackElo "2496"]
[PlyCount "147"]
[EventDate "2012.05.17"]
[EventType "team"]
[EventRounds "9"]
[EventCountry "CHN"]
[WhiteTeam "China 1"]
[BlackTeam "Vietnam"]

1. c4 e6 2. Nf3 d5 3. g3 Nf6 4. Bg2 Be7 5. O-O O-O 6. d4 dxc4 7. Ne5 c5 8. dxc5
Bxc5 9. Nc3 Nc6 10. Nxc6 Qxd1 11. Rxd1 bxc6 12. Bxc6 Rb8 13. Na4 Be7 14. Bf4
Bb7 15. Bb5 Rbc8 16. Rac1 Bc6 17. Nc3 Bxb5 18. Nxb5 a6 19. Nd6 Bxd6 20. Rxd6
Nd5 21. Rxa6 Nxf4 22. gxf4 g6 23. Kg2 Rb8 24. Rc2 Rb4 25. Ra7 Rfb8 26. Kf3 Kg7
27. h4 R8b5 28. e3 Rxb2 29. Rxc4 Rb7 30. Rxb7 Rxb7 31. a4 Rb2 32. a5 Ra2 33.
Rc5 f5 34. Rc7+ Kg8 35. Ra7 h5 36. a6 Kf8 37. Kg2 Ra1 38. f3 Ra2+ 39. Kf1 Ke8
40. Ke1 Kd8 41. Ra8+ Kc7 42. a7 Kb7 43. Re8 Ra6 44. a8=Q+ Rxa8 45. Re7+ Kc6 46.
Rxe6+ Kd5 47. Rxg6 Ra1+ 48. Kf2 Ra2+ 49. Kg3 Re2 50. Rf6 Rxe3 51. Rxf5+ Ke6 52.
Rxh5 Kf6 53. Ra5 Re1 54. f5 Rg1+ 55. Kf4 Rh1 56. Ra6+ Kf7 57. Rh6 Kg7 58. Rg6+
Kf7 59. Kg4 Rg1+ 60. Kh5 Rf1 61. Rg3 Kf6 62. Kg4 Ra1 63. h5 Ra4+ 64. f4 Ra8 65.
h6 Rg8+ 66. Kf3 Rh8 67. Rh3 Kxf5 68. h7 Kf6 69. Kg4 Kg6 70. f5+ Kf6 71. Rh6+
Kf7 72. Kg5 Kg7 73. Rg6+ Kf7 74. Ra6 1-0

[Event "Asian Nations Chess Cup"]
[Site "ZaoZhuang, China"]
[Date "2012.05.23"]
[Round "6"]
[White "Zhou, Jianchao"]
[Black "Sasikiran, Krishnan"]
[Result "1-0"]
[WhiteElo "2609"]
[BlackElo "2720"]
[PlyCount "63"]
[EventDate "2012.05.17"]
[EventType "team"]
[EventRounds "9"]
[EventCountry "CHN"]
[WhiteTeam "China 2"]
[BlackTeam "India"]

1. c4 e5 2. Nc3 d6 3. Nf3 Nf6 4. d4 Nbd7 5. e4 g6 6. Be2 Bg7 7. O-O O-O 8. Be3
a5 9. dxe5 dxe5 10. h3 c6 11. Qc2 Qe7 12. Na4 Nh5 13. c5 Nf4 14. Rad1 f5 15.
Bxf4 exf4 16. exf5 Rxf5 17. Bd3 Rh5 18. Qc4+ Kh8 19. Qxf4 Ne5 20. Nb6 Rb8 21.
Nxe5 Bxe5 22. Qe3 Be6 23. Be2 Rf5 24. Bg4 Bf4 25. Qe4 Rbf8 26. Bxf5 Rxf5 27. g4
Rf8 28. Nd7 Rf7 29. Rfe1 Qh4 30. Qd4+ Kg8 31. Rxe6 Bh2+ 32. Kg2 1-0

[Event "Asian Nations Chess Cup"]
[Site "ZaoZhuang, China"]
[Date "2012.05.23"]
[Round "6"]
[White "Ghaem Maghami, Ehsan"]
[Black "Wang, Hao"]
[Result "1/2-1/2"]
[WhiteElo "2578"]
[BlackElo "2738"]
[PlyCount "116"]
[EventDate "2012.05.17"]
[EventType "team"]
[EventRounds "9"]
[EventCountry "CHN"]
[WhiteTeam "Iran"]
[BlackTeam "China 1"]

1. e4 c5 2. Nf3 Nc6 3. Bb5 g6 4. Bxc6 dxc6 5. d3 Bg7 6. h3 Nf6 7. Nc3 Nd7 8.
Be3 e5 9. O-O Qe7 10. Qd2 O-O 11. Nh2 Rd8 12. Bh6 c4 13. Bxg7 Kxg7 14. Rad1 Nc5
15. Qe3 cxd3 16. cxd3 Ne6 17. Nf3 Qd6 18. Ne2 c5 19. b4 b6 20. bxc5 bxc5 21.
Ng5 Nd4 22. Nxd4 cxd4 23. Qg3 f6 24. Nf3 Rb8 25. Nh4 Kh8 26. Rc1 Rb7 27. Rc2
Bd7 28. Rfc1 Rdb8 29. Kh2 Rb2 30. Rc5 R2b5 31. Rc7 R5b7 32. R7c5 Rb5 33. Rc7
R5b7 34. R7c5 Rf8 35. Nf3 Qa6 36. Nh4 Qd6 37. Nf3 Qa6 38. Nh4 g5 39. Nf5 Bxf5
40. exf5 Qxa2 41. Qf3 Qf7 42. Rc6 Kg7 43. R1c5 Re8 44. Qe4 Rb2 45. f3 Re7 46.
Rc4 Reb7 47. h4 h6 48. Rxf6 Qxf6 49. Rc6 Re2 50. Rxf6 Rxe4 51. Rg6+ Kf7 52.
fxe4 Rb3 53. hxg5 hxg5 54. Ra6 Rxd3 55. Rxa7+ Kf6 56. Ra6+ Kf7 57. Re6 Re3 58.
Rxe5 d3 1/2-1/2

[Event "Asian Nations Chess Cup"]
[Site "ZaoZhuang, China"]
[Date "2012.05.23"]
[Round "6"]
[White "Li, Chao b"]
[Black "Seyedjavad, Alavimoghaddam"]
[Result "1-0"]
[WhiteElo "2703"]
[BlackElo "2441"]
[PlyCount "93"]
[EventDate "2012.05.17"]
[EventType "team"]
[EventRounds "9"]
[EventCountry "CHN"]
[WhiteTeam "China 1"]
[BlackTeam "Iran"]

1. c4 e6 2. Nf3 Nf6 3. g3 d5 4. d4 dxc4 5. Bg2 c5 6. O-O Nc6 7. Qa4 Bd7 8. Qxc4
cxd4 9. Nxd4 Rc8 10. Nc3 Nxd4 11. Qxd4 Bc5 12. Qh4 O-O 13. Bxb7 Rb8 14. Bf3 Rb4
15. Qg5 Bd4 16. Qd2 Qc7 17. Nd1 Qb6 18. Ne3 Rc8 19. Nc2 Bxb2 20. Qxb4 Qxb4 21.
Nxb4 Bxa1 22. Be3 Bc3 23. Nd3 e5 24. Bb7 Rc7 25. Rb1 a5 26. Ba6 h6 27. Bb6 Rc6
28. Bb7 Rc4 29. a3 Be6 30. Nc5 Nd5 31. Ba6 Nxb6 32. Bxc4 Bxc4 33. Rxb6 Bxe2 34.
Na4 Bd4 35. Rb8+ Kh7 36. Ra8 g5 37. Rxa5 g4 38. Nc5 Kg6 39. Nb3 Bb2 40. a4 Bc4
41. Nd2 Be2 42. Rc5 Kf5 43. a5 f6 44. Rc2 Bd4 45. Nb3 Bd3 46. Nxd4+ exd4 47.
Rd2 1-0

[Event "Czech Republic Championship"]
[Site "Kouty nad Desnou CZE"]
[Date "2012.05.20"]
[Round "9"]
[White "Bernasek, J."]
[Black "Navara, D."]
[Result "1/2-1/2"]
[WhiteElo "2476"]
[BlackElo "2706"]
[PlyCount "249"]
[EventDate "2012.05.12"]

1. d4 Nf6 2. c4 e6 3. Nf3 b6 4. g3 Ba6 5. Nbd2 d5 6. Bg2 Be7 7. O-O O-O 8. b3
c5 9. Bb2 Nc6 10. Rc1 Rc8 11. cxd5 exd5 12. Re1 Re8 13. Bh3 Rc7 14. dxc5 Bxc5
15. a3 Bc8 16. Bxc8 Rxc8 17. b4 Bf8 18. Qa4 Qd6 19. Bxf6 Qxf6 20. Rc2 Nd4 21.
Nxd4 Qxd4 22. Nf3 Qe4 23. Rxc8 Rxc8 24. Qxa7 Rc3 25. Kf1 h6 26. Qxb6 Rxa3 27.
Rd1 Ra2 28. Qb5 Bxb4 29. Rxd5 Bc3 30. Rd8+ Kh7 31. Re8 Ra1+ 32. Kg2 Qb1 33.
Qxb1+ Rxb1 34. Re7 Kg8 35. g4 g6 36. Rc7 Bf6 37. Rc5 Kg7 38. e3 Rb2 39. Rd5 Ra2
40. Rb5 Bd8 41. Rb8 Be7 42. Rb7 Bc5 43. Ne5 Ra7 44. Rb5 Rc7 45. h3 Bd6 46. Nd3
Be7 47. Rd5 Bh4 48. Ne1 Be7 49. Nf3 Rc5 50. Rd7 Kf8 51. h4 Ke8 52. Ra7 Kf8 53.
Rd7 Ke8 54. Rd4 Bd8 55. Ra4 Bf6 56. Kg3 Be5+ 57. Kg2 Bf6 58. Re4+ Kf8 59. Kg3
Rd5 60. Rc4 Be5+ 61. Kg2 Bf6 62. Rc8+ Kg7 63. Re8 Rd8 64. Re4 Rd5 65. Rb4 Be7
66. Rb7 Kf8 67. Kh3 Bf6 68. Rb4 Kg7 69. Kg2 Be7 70. Rb1 Ra5 71. Rd1 Bf6 72. Rh1
Be7 73. Nd4 Bf6 74. Ne2 Ra4 75. Kf3 h5 76. g5 Be5 77. Kg2 Ra2 78. Re1 Rc2 79.
Ng1 Bd6 80. Rd1 Bc5 81. Rd3 Ba7 82. Nf3 Bb6 83. Nd2 Ba5 84. Ne4 Rc4 85. Kf3 Be1
86. Rd1 Ba5 87. Rd7 Bb4 88. Rd8 Be7 89. Rd7 Ba3 90. Ra7 Bf8 91. Rd7 Ba3 92. Kf4
Rc1 93. Ra7 Bf8 94. Nf6 Rc8 95. Rd7 Rc4+ 96. e4 Ba3 97. Rd8 Bf8 98. f3 Ra4 99.
Kg3 Ra3 100. e5 Re3 101. Kf2 Ra3 102. Ke2 Ra2+ 103. Ke3 Rh2 104. Ne8+ Kg8 105.
Nf6+ Kg7 106. Rc8 Rb2 107. Kf4 Re2 108. Ra8 Re1 109. Ne8+ Kg8 110. Nd6 Rh1 111.
Kg3 Rg1+ 112. Kh2 Rb1 113. Ra7 Bxd6 114. exd6 Rd1 115. Ra8+ Kg7 116. Rd8 f5
117. Rd7+ Kf8 118. Kg3 Rd4 119. f4 Rd3+ 120. Kf2 Kg8 121. Ke2 Rd4 122. Ke3 Rd5
123. Ke2 Rd4 124. Ke3 Rd5 125. Ke2 1/2-1/2

[Event "Asian Nations Chess Cup"]
[Site "ZaoZhuang, China"]
[Date "2012.05.24"]
[Round "7"]
[White "Hamdani, Rudin"]
[Black "Li, Chao b"]
[Result "0-1"]
[WhiteElo "2322"]
[BlackElo "2703"]
[PlyCount "104"]
[EventDate "2012.05.17"]
[EventType "team"]
[EventRounds "9"]
[EventCountry "CHN"]
[WhiteTeam "Indonesia"]
[BlackTeam "China 1"]

1. e4 c5 2. Nf3 Nc6 3. d4 cxd4 4. Nxd4 e5 5. Nb5 a6 6. Nd6+ Bxd6 7. Qxd6 Qe7 8.
Qd2 Nf6 9. Nc3 d6 10. Bc4 Be6 11. Bb3 O-O 12. O-O b5 13. Qd3 h6 14. f4 Rac8 15.
Kh1 Nb4 16. Qe2 Bxb3 17. axb3 Rfe8 18. fxe5 Qxe5 19. Bf4 Qe6 20. Rfe1 d5 21.
exd5 Qxe2 22. Rxe2 Rxe2 23. Nxe2 Nfxd5 24. c3 Re8 25. Nd4 Nxf4 26. cxb4 Nd3 27.
h3 Nxb4 28. Rc1 g6 29. Kh2 Kg7 30. Rc7 Re3 31. Rc3 Rd3 32. Nf3 Rd1 33. Rc7 Kf6
34. Rb7 Rd3 35. Rb6+ Kg7 36. Rb7 Re3 37. Rc7 Kf6 38. Rc3 Re2 39. Nd4 Rxb2 40.
Nc6 Nd5 41. Rf3+ Kg7 42. h4 g5 43. hxg5 hxg5 44. Nd4 Nf4 45. Rg3 Kg6 46. Kh1 f6
47. Kh2 f5 48. Kh1 g4 49. Rc3 Nxg2 50. Rc6+ Kg5 51. Rxa6 Ne3 52. Re6 f4 0-1

[Event "Asian Nations Chess Cup"]
[Site "ZaoZhuang, China"]
[Date "2012.05.24"]
[Round "7"]
[White "Sasikiran, Krishnan"]
[Black "Le, Quang Liem"]
[Result "1/2-1/2"]
[WhiteElo "2720"]
[BlackElo "2703"]
[PlyCount "97"]
[EventDate "2012.05.17"]
[EventType "team"]
[EventRounds "9"]
[EventCountry "CHN"]
[WhiteTeam "India"]
[BlackTeam "Vietnam"]

1. d4 d5 2. c4 c6 3. Nf3 Nf6 4. Nc3 e6 5. e3 Nbd7 6. Qc2 Bd6 7. Bd3 O-O 8. O-O
dxc4 9. Bxc4 a6 10. Rd1 b5 11. Be2 Qc7 12. e4 e5 13. dxe5 Nxe5 14. h3 Nxf3+ 15.
Bxf3 Be6 16. Be3 Rac8 17. Rac1 h6 18. b3 Rfd8 19. Qb1 c5 20. a4 Qb8 21. axb5
axb5 22. Nd5 Bxd5 23. exd5 Bf4 24. Qd3 Bxe3 25. Qxe3 Re8 26. Qd3 Qb6 27. Rc2
Re5 28. d6 Re6 29. Bg4 Nxg4 30. hxg4 Rd8 31. d7 Qc6 32. Qd5 c4 33. bxc4 Qxd5
34. Rxd5 bxc4 35. Rxc4 Kf8 36. f4 Ke7 37. Rcd4 Rc6 38. g5 hxg5 39. Re5+ Re6 40.
Rxg5 g6 41. Rgd5 Rc6 42. f5 gxf5 43. Rxf5 Rf6 44. Rfd5 Rc6 45. Kf2 Rc7 46. Re4+
Kf8 47. Red4 Ke7 48. Re4+ Kf8 49. Red4 1/2-1/2

[Event "Georgian Championship"]
[Site "?"]
[Date "2012.05.14"]
[Round "2"]
[White "Zarkua, Davit"]
[Black "Jobava, Baadur"]
[Result "0-1"]
[WhiteElo "2446"]
[BlackElo "2721"]
[PlyCount "130"]
[EventDate "2012.??.??"]

1. d4 Nf6 2. Nf3 e6 3. g3 b6 4. Bg2 Bb7 5. O-O c5 6. c4 cxd4 7. Qxd4 Nc6 8. Qf4
Bb4 9. Bd2 Bc5 10. Bc3 O-O 11. Nbd2 Ne8 12. Nb3 Be7 13. Rfd1 Qc8 14. Rac1 h6
15. Qd2 Nf6 16. Ne1 a5 17. Nd3 Nb4 18. Bxf6 Bxf6 19. Bxb7 Qxb7 20. Nxb4 axb4
21. Qxb4 Rfb8 22. a4 Qc6 23. Nd4 Qxa4 24. Qxa4 Rxa4 25. b3 Rb4 26. Rb1 Bxd4 27.
Rxd4 b5 28. Rc1 d5 29. Rc3 bxc4 30. bxc4 Rc8 31. Kg2 Rcxc4 32. Rcxc4 dxc4 33.
Rd8+ Kh7 34. Rc8 g5 35. Kf3 Kg6 36. h3 h5 37. Ke3 f5 38. Rc5 Ra4 39. Rc8 Kf6
40. Rc5 h4 41. gxh4 gxh4 42. f3 e5 43. Rc6+ Ke7 44. f4 Kd7 45. Rc5 Kd6 46. Rxe5
Ra3+ 47. Kd2 Rxh3 48. Rxf5 Rh1 49. Rh5 h3 50. Kc3 h2 51. Kc2 c3 52. Rh6+ Kd5
53. f5 Ke5 54. f6 Ke6 55. f7+ Kxf7 56. Rh3 Kg6 57. Rh8 Kg5 58. Rg8+ Kf4 59. Rh8
Kg3 60. Rg8+ Kf2 61. Rf8+ Kxe2 62. Re8+ Kf3 63. Rf8+ Ke4 64. Re8+ Kd5 65. Rd8+
Ke5 0-1

[Event "Georgian Championship"]
[Site "?"]
[Date "2012.05.15"]
[Round "3"]
[White "Jobava, Baadur"]
[Black "Beradze, Irakli"]
[Result "1/2-1/2"]
[WhiteElo "2721"]
[BlackElo "2298"]
[PlyCount "96"]
[EventDate "2012.??.??"]

1. e4 c5 2. Ne2 d6 3. g3 Nf6 4. Bg2 Nc6 5. O-O g6 6. d3 Bg7 7. f4 e5 8. Nbc3
O-O 9. f5 h6 10. h3 Nd4 11. g4 Ne8 12. Nd5 Nxe2+ 13. Qxe2 g5 14. h4 f6 15. Rf3
Nc7 16. Rh3 Nxd5 17. exd5 Bd7 18. a4 b6 19. Be4 Kf7 20. Bd2 Rh8 21. a5 Qc7 22.
Kg2 Rag8 23. b4 Rb8 24. c4 Qb7 25. Rhh1 Qc7 26. Qf2 Ra8 27. axb6 axb6 28. bxc5
bxc5 29. hxg5 hxg5 30. Rxa8 Rxa8 31. Bxg5 Rh8 32. Rxh8 Bxh8 33. Qh4 Bg7 34. Qh7
Qd8 35. Qg6+ Kg8 36. Bh6 Qf8 37. g5 Qf7 38. Qxf7+ Kxf7 39. g6+ Kf8 40. Bd2 Ke7
41. Kf3 Ba4 42. Kg4 Ke8 43. Bf3 Ke7 44. Kg3 Ke8 45. Kf2 Ke7 46. Ke1 Bd7 47. Bg4
Ba4 48. Be3 Kd8 1/2-1/2

[Event "Georgian Championship"]
[Site "?"]
[Date "2012.05.16"]
[Round "4"]
[White "Chighladze, Iveri"]
[Black "Jobava, Baadur"]
[Result "0-1"]
[WhiteElo "2390"]
[BlackElo "2721"]
[PlyCount "102"]
[EventDate "2012.??.??"]

1. Nf3 Nf6 2. g3 g6 3. Bg2 Bg7 4. O-O O-O 5. c4 d6 6. Nc3 e5 7. d3 h6 8. Rb1
Be6 9. b4 Nbd7 10. Nd2 c6 11. b5 Qc7 12. bxc6 bxc6 13. Ba3 Rfc8 14. Qa4 Nb6 15.
Qa6 d5 16. cxd5 cxd5 17. Rfc1 Qd7 18. Nb3 Bh3 19. Nb5 Bxg2 20. Kxg2 Ng4 21. Nd6
Rxc1 22. Nxc1 Rb8 23. h3 Nf6 24. Nb3 Bf8 25. Nb5 Bxa3 26. Nxa3 d4 27. Rc1 Nfd5
28. Nb5 Re8 29. Rc5 Re7 30. a3 Kg7 31. Na5 Qf5 32. Nc6 Ne3+ 33. fxe3 dxe3 34.
Nxe7 Qf2+ 35. Kh1 Qf1+ 36. Kh2 Qxe2+ 37. Kh1 Qe1+ 38. Kg2 Qd2+ 39. Kh1 e2 40.
Rxe5 e1=Q+ 41. Rxe1 Qxe1+ 42. Kh2 Qe2+ 43. Kh1 Qxe7 44. Nxa7 Qe1+ 45. Kg2 Nd5
46. Qc6 Ne3+ 47. Kf3 Nf5 48. Qc5 Qf1+ 49. Qf2 Qxd3+ 50. Kg2 Ne3+ 51. Kh2 Qd4
0-1

[Event "Georgian Championship"]
[Site "?"]
[Date "2012.05.17"]
[Round "5"]
[White "Jobava, Baadur"]
[Black "Lomsadze, Davit"]
[Result "1-0"]
[WhiteElo "2721"]
[BlackElo "2345"]
[PlyCount "73"]
[EventDate "2012.??.??"]

1. e4 e5 2. Nf3 Nc6 3. Bb5 a6 4. Ba4 d6 5. c4 Bd7 6. Nc3 g6 7. d4 Bg7 8. Bg5 f6
9. Be3 Nh6 10. dxe5 fxe5 11. c5 dxc5 12. Bxc5 Nf7 13. Qd5 Ng5 14. O-O-O Nxf3
15. gxf3 Qg5+ 16. f4 Qxf4+ 17. Be3 Qg4 18. Bb3 Nd8 19. Rhg1 Qe6 20. Qd2 Qd6 21.
Qe2 Qc6 22. Kb1 Be6 23. Nd5 Rc8 24. h4 Qb5 25. Bc4 Qa4 26. Qd3 Bxd5 27. Bxd5
Qd7 28. Qf1 Nc6 29. h5 Nd4 30. hxg6 c6 31. Bb3 c5 32. gxh7 Rxh7 33. Qg2 c4 34.
Qg6+ Kf8 35. Qxh7 cxb3 36. Rxd4 exd4 37. Bh6 1-0

[Event "Georgian Championship"]
[Site "?"]
[Date "2012.05.18"]
[Round "6"]
[White "Quparadze, Giga"]
[Black "Jobava, Baadur"]
[Result "0-1"]
[WhiteElo "2471"]
[BlackElo "2721"]
[PlyCount "60"]
[EventDate "2012.??.??"]

1. e4 c5 2. Nf3 Nc6 3. Nc3 g6 4. d4 cxd4 5. Nxd4 Bg7 6. Be3 Nf6 7. Bc4 O-O 8.
Bb3 a6 9. f3 Ne5 10. Qd2 b5 11. Bh6 Bxh6 12. Qxh6 b4 13. Nd5 e6 14. Nxf6+ Qxf6
15. Qd2 a5 16. a3 Ba6 17. axb4 axb4 18. Qxb4 d5 19. Qc3 dxe4 20. O-O-O Be2 21.
Rde1 exf3 22. Kb1 Rfc8 23. Qe3 Nc4 24. Bxc4 Rxc4 25. Nxe2 Rca4 26. c3 Qf5+ 27.
Kc1 fxe2 28. Qxe2 Ra1+ 29. Kd2 Rd8+ 30. Ke3 Ra5 {Kd4} 0-1

[Event "Georgian Championship"]
[Site "?"]
[Date "2012.05.21"]
[Round "8"]
[White "Javakhadze, Zurab"]
[Black "Jobava, Baadur"]
[Result "1/2-1/2"]
[WhiteElo "2418"]
[BlackElo "2721"]
[PlyCount "46"]
[EventDate "2012.??.??"]

1. c4 Nf6 2. Nc3 g6 3. g3 Bg7 4. Bg2 d6 5. e4 O-O 6. Nge2 c6 7. h3 a6 8. d3 b5
9. Be3 Nbd7 10. O-O Nb6 11. Nd4 c5 12. Nc6 Qd7 13. e5 Ne8 14. exd6 exd6 15. Na5
Rb8 16. Qd2 Nc7 17. Nc6 Ra8 18. Na5 Rb8 19. Nc6 Ra8 20. Na5 Rb8 21. Nc6 Ra8 22.
Rae1 Re8 23. Ra1 Rf8 1/2-1/2

[Event "Georgian Championship"]
[Site "?"]
[Date "2012.05.22"]
[Round "9"]
[White "Jobava, Baadur"]
[Black "Gagunashvili, Merab"]
[Result "1-0"]
[WhiteElo "2721"]
[BlackElo "2570"]
[PlyCount "121"]
[EventDate "2012.??.??"]

1. e4 c5 2. Nf3 e6 3. d4 cxd4 4. Nxd4 Nc6 5. Nc3 Qc7 6. Be3 Nf6 7. a3 a6 8. Be2
Be7 9. O-O O-O 10. f4 d6 11. Kh1 Re8 12. Qe1 Nxd4 13. Bxd4 e5 14. fxe5 dxe5 15.
Qg3 Bd8 16. Be3 Kh8 17. Nd5 Nxd5 18. exd5 f5 19. c4 Bf6 20. Qf2 e4 21. Rad1 Bd7
22. b4 Be5 23. c5 Ba4 24. d6 Qd7 25. Qxf5 Qxf5 26. Rxf5 Bxd1 27. Bxd1 Bb2 28.
Be2 Rf8 29. Rxf8+ Rxf8 30. a4 h6 31. b5 axb5 32. axb5 Rd8 33. g3 Be5 34. Bf4
Bxf4 35. gxf4 Kg8 36. Bc4+ Kf8 37. Kg2 Rc8 38. c6 bxc6 39. Be6 Rd8 40. bxc6
Rxd6 41. c7 Rxe6 42. c8=Q+ Kf7 43. h4 e3 44. Kf1 e2+ 45. Ke1 Re8 46. Qf5+ Kg8
47. h5 Rf8 48. Qe6+ Kh8 49. Qe4 Rf6 50. Kxe2 Kg8 51. Qe8+ Rf8 52. Qe6+ Kh8 53.
Ke3 Rf6 54. Qxf6 gxf6 55. Ke4 Kg7 56. f5 Kf7 57. Kd5 Ke7 58. Kc6 Ke8 59. Kd6
Kf7 60. Kd7 Kg7 61. Ke7 1-0

[Event "Georgian Championship"]
[Site "?"]
[Date "2012.05.23"]
[Round "10"]
[White "Paichadze, Luka"]
[Black "Jobava, Baadur"]
[Result "0-1"]
[WhiteElo "2480"]
[BlackElo "2721"]
[PlyCount "63"]
[EventDate "2012.??.??"]

1. e4 c5 2. Nf3 e6 3. c3 Nf6 4. e5 Nd5 5. d4 cxd4 6. cxd4 Nc6 7. Bc4 Nb6 8. Bd3
d5 9. Bg5 Be7 10. Bxe7 Qxe7 11. O-O Bd7 12. Nc3 O-O 13. a3 f5 14. exf6 Rxf6 15.
Ne2 Rxf3 16. gxf3 e5 17. Re1 Rf8 18. Ng3 Qf6 19. dxe5 Nxe5 20. Rxe5 Qxe5 21.
Qd2 Rxf3 22. Bf1 Rf8 23. Bg2 Re8 24. Rd1 Ba4 25. f4 Qf6 26. Rf1 Bc6 27. f5 Qe5
28. f6 gxf6 29. Qd1 Nc4 30. Nf5 Ne3 31. Qh5 Kh8 32. Nxe3 0-1

[Event "Georgian Championship"]
[Site "?"]
[Date "2012.05.24"]
[Round "11"]
[White "Jobava, Baadur"]
[Black "Arutinian, David"]
[Result "1-0"]
[WhiteElo "2721"]
[BlackElo "2561"]
[PlyCount "85"]
[EventDate "2012.??.??"]

1. e4 c6 2. d4 d5 3. Nd2 dxe4 4. Nxe4 Bf5 5. Ng3 Bg6 6. N1e2 Nf6 7. Nf4 e5 8.
dxe5 Qa5+ 9. c3 Qxe5+ 10. Be2 Qc7 11. h4 Bd6 12. h5 Bxf4 13. Bxf4 Qxf4 14. hxg6
fxg6 15. Qb3 Nbd7 16. Qxb7 O-O 17. Qxc6 Ne5 18. Qe6+ Kh8 19. O-O Rae8 20. Qh3
Rd8 21. Rad1 Rxd1 22. Bxd1 Qd2 23. Qe6 Re8 24. Qb3 Nd3 25. c4 Nxb2 26. Be2 h5
27. Rb1 h4 28. Rxb2 Qe1+ 29. Bf1 hxg3 30. Qxg3 Qc1 31. Rb8 Rxb8 32. Qxb8+ Kh7
33. Qxa7 Ne4 34. Qe3 Nd2 35. Qh3+ Kg8 36. Qd3 Nxf1 37. Qxf1 Qb2 38. c5 Qxa2 39.
Qc1 Qa5 40. c6 Qc7 41. Qc4+ Kf8 42. Qe6 Qf4 43. g3 1-0

[Event "Asian Nations Chess Cup"]
[Site "ZaoZhuang, China"]
[Date "2012.05.25"]
[Round "8"]
[White "Li, Chao b"]
[Black "Goh, Wei Ming Kevin"]
[Result "0-1"]
[WhiteElo "2703"]
[BlackElo "2426"]
[PlyCount "90"]
[EventDate "2012.05.17"]
[EventType "team"]
[EventRounds "9"]
[EventCountry "CHN"]
[WhiteTeam "China 1"]
[BlackTeam "Singapore"]

1. d4 Nf6 2. c4 g6 3. Nc3 d5 4. Nf3 Bg7 5. cxd5 Nxd5 6. g3 Nb6 7. Bg2 Nc6 8. e3
O-O 9. O-O Re8 10. d5 Ne5 11. Nd4 Bg4 12. f3 Bd7 13. f4 Bg4 14. Qc2 Nec4 15. b3
e5 16. fxe5 Nxe5 17. h3 Bd7 18. Bb2 Qg5 19. Ne4 Qxe3+ 20. Qf2 Nxd5 21. Nc5 c6
22. Rad1 Qxf2+ 23. Kxf2 Bc8 24. Rfe1 Bf8 25. Na6 Nb4 26. Nxb4 Bxb4 27. Re2 Bd7
28. Nf3 Nxf3 29. Rxd7 Rxe2+ 30. Kxe2 Ne1 31. Bh1 Re8+ 32. Kd1 Ba5 33. b4 Bxb4
34. g4 h6 35. Bf6 Ba5 36. Rxb7 Nd3 37. Bxc6 Re1+ 38. Kc2 Nb4+ 39. Rxb4 Bxb4 40.
Bd5 Bc5 41. Kd3 Re3+ 42. Kc4 Bb6 43. Kb5 Rxh3 44. a4 Rg3 45. a5 Be3 0-1

[Event "Asian Nations Chess Cup"]
[Site "ZaoZhuang, China"]
[Date "2012.05.25"]
[Round "8"]
[White "Gundavaa, Bayarsaikhan"]
[Black "Sasikiran, Krishnan"]
[Result "1/2-1/2"]
[WhiteElo "2516"]
[BlackElo "2720"]
[PlyCount "61"]
[EventDate "2012.05.17"]
[EventType "team"]
[EventRounds "9"]
[EventCountry "CHN"]
[WhiteTeam "Mongolia"]
[BlackTeam "India"]

1. d4 Nf6 2. c4 e6 3. Nc3 Bb4 4. Qc2 d5 5. a3 Bxc3+ 6. Qxc3 O-O 7. Nf3 dxc4 8.
Qxc4 b6 9. Bg5 Ba6 10. Qa4 h6 11. Bh4 Qd7 12. Qxd7 Nbxd7 13. Bxf6 gxf6 14. e3
Bb7 15. Be2 Rac8 16. O-O c5 17. Rac1 Rfd8 18. Rfd1 Kf8 19. dxc5 Nxc5 20. Rxd8+
Rxd8 21. b4 Ne4 22. Rc7 Nd6 23. h3 Ke8 24. Nd4 Rd7 25. Bb5 Nxb5 26. Rxd7 Kxd7
27. Nxb5 Bc6 28. Nc3 f5 29. f4 f6 30. Kf2 e5 31. g3 1/2-1/2

[Event "Asian Nations Chess Cup"]
[Site "ZaoZhuang, China"]
[Date "2012.05.25"]
[Round "8"]
[White "Le, Quang Liem"]
[Black "Jumabayev, Rinat"]
[Result "1-0"]
[WhiteElo "2703"]
[BlackElo "2556"]
[PlyCount "47"]
[EventDate "2012.05.17"]
[EventType "team"]
[EventRounds "9"]
[EventCountry "CHN"]
[WhiteTeam "Vietnam"]
[BlackTeam "Kazakhstan"]

1. d4 Nf6 2. c4 e6 3. Nf3 d5 4. Nc3 c6 5. Qb3 dxc4 6. Qxc4 b5 7. Qd3 a6 8. Bg5
c5 9. Bxf6 gxf6 10. d5 Bb7 11. e4 Nd7 12. Rd1 Qc7 13. Be2 O-O-O 14. O-O Bd6 15.
dxe6 Nb6 16. e5 fxe5 17. Ng5 Rhg8 18. Nce4 Bxe4 19. Nxe4 Be7 20. Qa3 Kb7 21.
exf7 Rgf8 22. Bf3 Ka7 23. Nc3 Na4 24. Nd5 1-0

[Event "Chicago Open"]
[Site "Wheeling, IL"]
[Date "2012.05.24"]
[Round "1"]
[White "Adams, Michael"]
[Black "Troff, Kayden"]
[Result "1/2-1/2"]
[WhiteElo "2728"]
[BlackElo "2276"]
[PlyCount "156"]
[EventDate "2012.05.??"]
[EventType "swiss"]
[EventRounds "9"]
[EventCountry "USA"]
[Source "MonRoi"]

1. c4 e5 2. g3 Nf6 3. Bg2 Nc6 4. Nc3 Bc5 5. Nf3 O-O 6. Nxe5 Bxf2+ 7. Kxf2 Nxe5
8. b3 Nfg4+ 9. Kg1 Qf6 10. Qf1 Qb6+ 11. e3 Nf6 12. Bb2 d6 13. Na4 Qa6 14. h3
Re8 15. Nc3 Bd7 16. Rh2 Bc6 17. Qf5 Qb6 18. Bxc6 bxc6 19. Rf1 Re6 20. Ba1 Rf8
21. Rhf2 g6 22. Qg5 Nfd7 23. Qh6 f6 24. Ne2 Nd3 25. Nf4 Nxf4 26. gxf4 Re7 27.
f5 Rg7 28. Rg2 Rff7 29. fxg6 hxg6 30. Rf4 Qa5 31. Kh2 Ne5 32. Bc3 Qxa2 33. Bxe5
dxe5 34. Rh4 Kf8 35. d4 Qa5 36. Re4 exd4 37. Qh8+ Rg8 38. Re8+ Kxe8 39. Qxg8+
Rf8 40. Qxg6+ Kd8 41. exd4 Qb4 42. h4 Qd6+ 43. Rg3 Rh8 44. Qg4 Qe7 45. Kh3 Qe1
46. Qf3 Qe6+ 47. Rg4 f5 48. Rf4 Qf6 49. b4 Qe7 50. d5 Kc8 51. dxc6 Kb8 52. b5
Qe1 53. Rd4 Qe5 54. Qd3 Qe7 55. Rf4 Qe1 56. Qf3 Qe6 57. h5 Rg8 58. Qd3 Qe1 59.
Rf1 Qe5 60. Rxf5 Qe1 61. Qf3 Qe6 62. Kh2 Rd8 63. Kg3 Rg8+ 64. Kf2 Qd6 65. Kf1
Qb4 66. Qe4 Qd2 67. Qd5 Qc1+ 68. Kf2 Qg1+ 69. Ke2 Re8+ 70. Kd3 Qd1+ 71. Kc3
Qe1+ 72. Qd2 Qa1+ 73. Kc2 Qa2+ 74. Kc3 Qa3+ 75. Kc2 Qa4+ 76. Kc3 Qa5+ 77. Kd3
Qa3+ 78. Kc2 Qa2+ 1/2-1/2

[Event "Chicago Open"]
[Site "Wheeling, Illinois"]
[Date "2012.05.25"]
[Round "3"]
[White "Ludwig, Daniel"]
[Black "Adams, Michael"]
[Result "1-0"]
[WhiteElo "2456"]
[BlackElo "2728"]
[PlyCount "107"]
[EventDate "2012.??.??"]
[Source "MonRoi"]

1. d4 Nf6 2. c4 e6 3. Nf3 b6 4. g3 Ba6 5. Qc2 Bb7 6. Bg2 c5 7. d5 exd5 8. cxd5
Nxd5 9. O-O Be7 10. Rd1 Nc6 11. Qa4 Nf6 12. Nh4 g6 13. Bh6 a6 14. Nc3 b5 15.
Qf4 Qb8 16. Qf3 Qe5 17. Bg7 Rg8 18. Rd5 Qe6 19. Bxf6 Qxf6 20. Qxf6 Bxf6 21. Ne4
Be7 22. Nxc5 Bxc5 23. Rxc5 Ke7 24. Nf3 Rgc8 25. Rac1 Na5 26. Ne1 Rxc5 27. Rxc5
Kd6 28. Nd3 Re8 29. Bxb7 Nxb7 30. Rc2 a5 31. f3 f5 32. Kf2 a4 33. h3 Na5 34.
Rc5 Nc6 35. g4 fxg4 36. hxg4 Rb8 37. e4 Ke7 38. Ke3 Na5 39. f4 Nc4+ 40. Kd4 Kd8
41. f5 Rb6 42. g5 h6 43. gxh6 gxf5 44. Rxb5 Rxh6 45. Kxc4 fxe4 46. Nc5 e3 47.
Kd3 a3 48. bxa3 Rh2 49. Kxe3 Rxa2 50. Rb3 Kc7 51. Kd4 Kc6 52. Nd3 Ra1 53. Nb4+
Kd6 54. Kc4 1-0

[Event "Asian Nations Chess Cup"]
[Site "ZaoZhuang, China"]
[Date "2012.05.26"]
[Round "9"]
[White "Munkhgal, Gombosuren"]
[Black "Li, Chao b"]
[Result "0-1"]
[WhiteElo "2387"]
[BlackElo "2703"]
[PlyCount "88"]
[EventDate "2012.05.17"]
[EventType "team"]
[EventRounds "9"]
[EventCountry "CHN"]
[WhiteTeam "Mongolia"]
[BlackTeam "China 1"]

1. d4 Nf6 2. c4 g6 3. Nc3 d5 4. Bf4 Bg7 5. e3 O-O 6. Rc1 Be6 7. Qb3 c5 8. Qxb7
Qb6 9. Qxb6 axb6 10. Nf3 Nc6 11. Be2 cxd4 12. Nxd4 Nxd4 13. exd4 dxc4 14. Bf3
Rad8 15. Be5 Bh6 16. Rd1 Bd5 17. Ke2 Bxf3+ 18. Kxf3 Nd5 19. Rhe1 Nb4 20. Re4
Rd7 21. d5 Nd3 22. Bd4 b5 23. b3 e5 24. Bxe5 f5 25. Re2 Nxe5+ 26. Rxe5 Bg7 27.
Re3 f4 28. Re4 cxb3 29. axb3 Bxc3 30. Rxf4 Rfd8 31. Ke4 b4 32. h4 Re8+ 33. Kf3
Re5 34. Rc4 Rexd5 35. Rc8+ Kg7 36. Rxd5 Rxd5 37. Rc7+ Kf8 38. g4 h5 39. gxh5
Rxh5 40. Kg4 Bf6 41. Rc6 Kg7 42. Rc7+ Kh6 43. Rc6 Rxh4+ 44. Kg3 Bg5 0-1